Statistiques concernant Associez le bon ministre Français à son ministère

Cliquez ici pour prendre le quiz!

Statistiques générales

  • Ce quiz a été pris 80 fois
  • Le résultat moyen est 9 sur 16

Statistiques - réponses

HintRéponse% Correct
Eric Dupont-MorettiJustice
92%
Bruno Le MaireEconomie
89%
Gérald DarmaninIntérieur
83%
Pap NdiayeEducation-Nationale
82%
Amélie Oudéa-CastéraSports
60%
Catherine ColonnaAffaires-Etrangères
51%
Sébastien LecornuArmées
51%
Rima Abdul-MalakCulture
51%
Marc FesneauAgriculture
49%
Stanislas GueriniFonctions Publiques
47%
François BraunSanté
46%
Sylvie RetailleauEnseignement Supérieur
42%
Olivier DussoptTravail
42%
Agnès Pannier-RunacherTransition Energétique
36%
Jean-Christophe CombeSolidarités
33%
Christophe BéchuTransition Ecologique
31%

Distribution des résultats

Percentile par nombre de réponses

% des personnes avec chaque résultat

Votre développement - résultats

Vous n’avez pas pris ce quiz